Albania : Poverty Reduction Strategy Paper-National Strategy for Development and Integration.

This paper focuses on the Poverty Reduction Strategy Paper-National Strategy for Development and Integration (PRSP-NSDI) for Albania. The paper provides an overview of the key challenges facing the country. It presents a brief statement of the national vision, identifies the strategic priorities, an...

Celý popis

Podrobná bibliografie
Korporativní autor: International Monetary Fund
Médium: Časopis
Jazyk:English
Vydáno: Washington, D.C. : International Monetary Fund, 2008.
Edice:IMF Staff Country Reports; Country Report ; No. 2008/269
On-line přístup:Full text available on IMF
LEADER 01660cas a2200241 a 4500
001 AALejournalIMF005289
008 230101c9999 xx r poo 0 0eng d
020 |c 5.00 USD 
020 |z 9781451800937 
022 |a 1934-7685 
040 |a BD-DhAAL  |c BD-DhAAL 
110 2 |a International Monetary Fund. 
245 1 0 |a Albania :   |b Poverty Reduction Strategy Paper-National Strategy for Development and Integration. 
264 1 |a Washington, D.C. :  |b International Monetary Fund,  |c 2008. 
300 |a 1 online resource (96 pages) 
490 1 |a IMF Staff Country Reports 
500 |a <strong>Off-Campus Access:</strong> No User ID or Password Required 
500 |a <strong>On-Campus Access:</strong> No User ID or Password Required 
506 |a Electronic access restricted to authorized BRAC University faculty, staff and students 
520 3 |a This paper focuses on the Poverty Reduction Strategy Paper-National Strategy for Development and Integration (PRSP-NSDI) for Albania. The paper provides an overview of the key challenges facing the country. It presents a brief statement of the national vision, identifies the strategic priorities, and articulates the strategic goals to be achieved. The paper also summarizes the key points of each of the underlying strategies by strategic priority, and discusses the main changes in the distribution of resources across broad sectors that will be needed in the period 2007-13. 
538 |a Mode of access: Internet 
830 0 |a IMF Staff Country Reports; Country Report ;  |v No. 2008/269 
856 4 0 |z Full text available on IMF  |u http://elibrary.imf.org/view/journals/002/2008/269/002.2008.issue-269-en.xml  |z IMF e-Library